Девет приказки и две в повече (Запис номер 148818)
[ съкратено ]
| 000 -Лидер | |
|---|---|
| Контролно поле с фиксирана дължина | 01404nam a2200325 a 4500 |
| 003 - Код на организацията, давaща контролен номер | |
| Контролно поле | BLK |
| 005 - Дата и час на последна редакция | |
| Контролно поле | 20240315005317.0 |
| 008 - Елементи от данни с фиксирана дължина | |
| fixed length control field | 180410b bul|||||r ||||||| ||bul|| |
| 010 ## - Наследен системен номер | |
| LC control number | KNG00155046000 |
| 040 ## - Източник на каталожния запис | |
| Идентификатор на билиотеката - собственик на записа | BLK |
| 041 ## - Код за език | |
| Код за езика на текст/звукозапис или на отделно заглавие | Български |
| Код за езика КДБФ | Български |
| 080 ## - УДК | |
| Текстов определител УДК | Чешка литература |
| УДК код - определител по УДК | 821.162.3 |
| УДК определител | -93-34 |
| УДК - код + определител | 821.162.3-93-34 |
| 100 1# - Редна дума - Автор | |
| Автор | Чапек, Карел |
| Авторска отговорност | първи автор |
| R(LIN) | 370071 |
| 139 ## - Редно поле | |
| Редна дума | Чапек, Карел |
| Авторски знак | Чапе - Ч 29 |
| 245 10 - Сведения за заглавието | |
| Заглавие | Девет приказки и две в повече |
| Подзаглавни данни | За деца |
| Редно поле (дума) | Карел Чапек; прев. от чеш. и предг. Мария Беязова-Войтова; ред. Светомир Тодоров Иванчев; ил. Румен Денев Скорчев. |
| 257 ## - Страна на издаване | |
| Страна на създаване/издаване | Чехия |
| 260 ## - Област на издателските данни | |
| Място на издаване, разпространение и проч. | София |
| Име на издателя, разпространителя и проч. | Нар. младеж |
| Година на издаване | 1972 |
| 300 ## - Физическа характеристика | |
| Страници | 207 с. |
| Илюстрации и др. | с ил. |
| Размери/Мащаб | 22 см |
| 380 ## - Жанр | |
| Жанр | Детска худож. лит. |
| 500 ## - Общи забележки | |
| Забележка | Ориг. загл. Devatero pohadek. - 40 125 тир. |
| 700 1# - Други автори (авторска отговорност) | |
| Лично име | Беязова-Войтова, Мария |
| Автороска отговорност (Описва отношението между автора и произведението) | прев. от чеш. и предг. |
| 9 (RLIN) | 38912 |
| 700 1# - Други автори (авторска отговорност) | |
| Лично име | Иванчев, Светомир Тодоров |
| Автороска отговорност (Описва отношението между автора и произведението) | ред. |
| 9 (RLIN) | 374043 |
| 852 ## - Местоположение | |
| Форматна сигнатура | Цб 265790 |
| 856 4# - Електронен адрес и достъп | |
| Електронен формат | pdf - файл |
| Инструкция (цена за достъп) | 0.00 |
| Права за достъп | disable |
| 856 4# - Електронен адрес и достъп | |
| Електронен формат | pdf - файл |
| Инструкция (цена за достъп) | 0.00 |
| Права за достъп | disable |
| 999 ## - СИСТЕМНИ КОНТРОЛНИ НОМЕРА | |
| Koha biblionumber | 148818 |
| Koha biblioitemnumber | 148818 |
| 942 ## - АРТИКУЛИ | |
| Вид на библиотечния материал | Книги |
| Скрит в OPAC | Не |
| Периодичен библиозапис | Да |
| Koha issues (borrowed), all copies | 1 |
| 944 ## - СЪЗДАВАНЕ И РЕДАКЦИЯ на ЗАПИСА | |
| Създаване/Редакция | Създаване |
| Дата на регистрацията/редакция | 27.12.2013 |
| Статус, дата на статуса | CRON CRON |
| Служител, извършил регистрацията/редакцията | |
| 944 ## - СЪЗДАВАНЕ И РЕДАКЦИЯ на ЗАПИСА | |
| Създаване/Редакция | Редакция |
| Дата на регистрацията/редакция | 21.09.2017 |
| Статус, дата на статуса | 27.12.2013 - от С1,Р / 27.12.2013 |
| Служител, извършил регистрацията/редакцията | Ива_Цветкова |
| 999 ## - СИСТЕМНИ КОНТРОЛНИ НОМЕРА | |
| Koha biblioitemnumber | 148818 |
| Код за отписване | Код за изгубен артикул | Източник на класификационната схема | Код за повреда | Коз за рестрикции | Код за отдаване | Артикулен № | Име на библиотеката - собственик | Име на библиотеката, в която се намира в момента | Статус (Текущо местоположение) | Дата на вписване в системата | Местоположение - отдел | Цена в лева | Инвентарен номер | Систематично азбучна сигнатура | Баркод | Номер на екземпляра | Цена в евро | Служебна бележка | Служебен тип на артикула | Бележка за публиката |
|---|---|---|---|---|---|---|---|---|---|---|---|---|---|---|---|---|---|---|---|---|
| Не е изгубен | Universal Decimal Classification | Не е повреден | без рестрикции | ползва се в читалня | 248065 | Регионална библиотека "Любен Каравелов" Русе | Регионална библиотека "Любен Каравелов" Русе | Хранилище | 1972-01-01 | Хранилище | 0.93 | 126098 | Цб 265790 | 120000126098 | 1 | 0.48 | Дост: Dp Вид: Д N: стар фонд Дата: 01.01.1972 | Книги | ||
| Не е изгубен | Universal Decimal Classification | Не е повреден | без рестрикции | заемане за дома | 248066 | Регионална библиотека "Любен Каравелов" Русе | Регионална библиотека "Любен Каравелов" Русе | Детски отдел | 1972-01-01 | Детски отдел | 0.93 | 124298 | ДХ 820/899/Ч 29 | 120000124298 | 2 | 0.48 | Дост: Pk Вид: Ф N: стар фонд Дата: 01.01.1972 Дата инв: 23.09.2015 Бележки инв: Д2015 | Книги | ||
| Изтеглен | Не е изгубен | Universal Decimal Classification | Не е повреден | без рестрикции | заемане за дома | 248067 | Регионална библиотека "Любен Каравелов" Русе | Регионална библиотека "Любен Каравелов" Русе | Детски отдел | 1972-01-01 | Детски отдел | 0.93 | 124290 | ДХ 820/899/Ч 29 | 124290 | 3 | 0.48 | Дост: Pk Вид: Ф N: стар фонд Дата: 01.01.1972 Дата инв: 17.09.2015 Бележки инв: Д2015 | Книги | |
| Изтеглен | Не е изгубен | Не е повреден | без рестрикции | заемане за дома | 248068 | Регионална библиотека "Любен Каравелов" Русе | Регионална библиотека "Любен Каравелов" Русе | 1972-01-01 | Детски отдел | 0.93 | 124297 | ДХ 820/899/Ч 29 | 124297 | 4 | 0.48 | Дост: Pk Вид: Ф N: стар фонд Дата: 01.01.1972 Дата инв: 17.09.2015 Бележки инв: Д2015 | Книги | Отч.N: 39/2017 , Дата: 07.09.2017 | ||
| Изтеглен | Не е изгубен | Не е повреден | без рестрикции | заемане за дома | 248069 | Регионална библиотека "Любен Каравелов" Русе | Регионална библиотека "Любен Каравелов" Русе | 1972-01-01 | Детски отдел | 0.93 | 624634 | ДХ 820/899/Ч 29 | 624634 | 5 | 0.48 | Дост: Pk Вид: Ф N: стар фонд Дата: 01.01.1972 Дата инв: 06.10.2015 Бележки инв: Д2015 | Книги | Отч.N: 41/2017 , Дата: 08.09.2017 |